Global Imprints & Appreciation of Allama Iqbal (Record no. 332233)
[ view plain ]
| 000 -LEADER | |
|---|---|
| fixed length control field | 00708nam a22001697a 4500 |
| 003 - CONTROL NUMBER IDENTIFIER | |
| control field | NUST |
| 005 - DATE AND TIME OF LATEST TRANSACTION | |
| control field | 20171121093823.0 |
| 008 - FIXED-LENGTH DATA ELEMENTS--GENERAL INFORMATION | |
| fixed length control field | 171121b xxu||||| |||| 00| 0 eng d |
| 040 ## - CATALOGING SOURCE | |
| Original cataloging agency | 0 |
| Transcribing agency | 0 |
| 082 ## - DEWEY DECIMAL CLASSIFICATION NUMBER | |
| Classification number | 891.43915 MAL |
| Author Mark | MAL 2015 |
| 100 ## - MAIN ENTRY--PERSONAL NAME | |
| Personal name | Malik, Nadeem Shafiq |
| 9 (RLIN) | 336 |
| 245 ## - TITLE STATEMENT | |
| Title | Global Imprints & Appreciation of Allama Iqbal |
| Statement of responsibility, etc. | Compiled & Edited by Dr. Nadeem Shafiq Malik |
| 260 ## - PUBLICATION, DISTRIBUTION, ETC. | |
| Place of publication, distribution, etc. | Lahore |
| Name of publisher, distributor, etc. | Fiction House |
| Date of publication, distribution, etc. | 2015 |
| 300 ## - PHYSICAL DESCRIPTION | |
| Extent | 223p. |
| Other physical details | HB |
| Dimensions | 24 cm |
| 500 ## - GENERAL NOTE | |
| General note | H.B |
| 650 ## - SUBJECT ADDED ENTRY--TOPICAL TERM | |
| Topical term or geographic name entry element | Allama Iqbal |
| 9 (RLIN) | 6575 |
| 942 ## - ADDED ENTRY ELEMENTS (KOHA) | |
| Source of classification or shelving scheme | |
| Koha item type | Book |
| Call number prefix | IESE |
| Withdrawn status | Lost status | Source of classification or shelving scheme | Damaged status | Not for loan | Collection code | Permanent Location | Current Location | Shelving location | Date acquired | Total Checkouts | Full call number | Barcode | Date last seen | Price effective from | Koha item type |
|---|---|---|---|---|---|---|---|---|---|---|---|---|---|---|---|
| Institute of Environmental Science and Engineering (IESE) | Institute of Environmental Science and Engineering (IESE) | General Stacks | 11/21/2017 | 891.43915 MAL | IESE-3890 | 11/21/2017 | 11/21/2017 | Book | |||||||
| Institute of Environmental Science and Engineering (IESE) | Institute of Environmental Science and Engineering (IESE) | General Stacks | 11/21/2017 | 891.43915 MAL | IESE-3889 | 11/21/2017 | 11/21/2017 | Book |
